[Event "St Leon Rot op"]
[Site "St Leon Rot"]
[Date "2011.12.29"]
[Round "5"]
[White "Dreher, Willi"]
[Black "Wendling, Lukas"]
[Result "1/2-1/2"]
[WhiteElo "1963"]
[BlackElo "1757"]
[PlyCount "34"]
[EventDate "2011.12.27"]
[EventType "swiss"]
[EventRounds "7"]
[EventCountry "GER"]
[SourceTitle "CBM 146 Extra"]
[Source "ChessBase"]
[SourceDate "2012.02.29"]
[SourceVersion "1"]
[SourceVersionDate "2012.02.29"]
[SourceQuality "1"]

1. c4 Nf6 2. g3 c6 3. Bg2 d5 4. Nf3 Bf5 5. 0-0 e6 6. b3 Be7 7. Bb2 0-0 8. d3 h6 9. Nbd2 Nbd7 10. Re1 Nc5 11. b4 Ncd7 12. a3 Nh7 13. e4 dxe4 14. dxe4 Bg4 15. Qc2 Bf6 16. e5 Be7 17. Qc3 Qc7 1/2-1/2

[Event "GER-chT U16"]
[Site "Naumburg"]
[Date "2010.12.29"]
[Round "5.4"]
[White "Straesser, Martin"]
[Black "Wendling, Lukas"]
[Result "1/2-1/2"]
[WhiteElo "1258"]
[BlackElo "1436"]
[PlyCount "38"]
[EventDate "2010.12.27"]
[EventType "team-swiss"]
[EventRounds "7"]
[EventCountry "GER"]
[SourceTitle "CBM 140 Extra"]
[Source "ChessBase"]
[SourceDate "2011.03.01"]
[SourceVersion "1"]
[SourceVersionDate "2011.03.01"]
[SourceQuality "1"]
[WhiteTeam "Naumburg"]
[BlackTeam "Ettlingen"]
[WhiteTeamCountry "GER"]
[BlackTeamCountry "GER"]

1. d4 d5 2. c4 dxc4 3. Nc3 e5 4. e3 exd4 5. exd4 Nf6 6. Bxc4 Bb4 7. Qe2+ Qe7 8. Qxe7+ Kxe7 9. Bg5 h6 10. Bf4 c6 11. Nge2 g5 12. Be5 Nbd7 13. f4 Nxe5 14. fxe5 Ng4 15. 0-0 Rf8 16. Rf3 h5 17. Raf1 Be6 18. Bxe6 fxe6 19. Rxf8 Rxf8 1/2-1/2